Charles & Ray Eames, 1907-1978, 1912-1988 : (Registro nro. 3835)
[ vista simple ]
| 000 -LEADER | |
|---|---|
| fixed length control field | 00834nam a22002657a 4500 |
| 003 - CONTROL NUMBER IDENTIFIER | |
| control field | PE SENCICO BE |
| 005 - DATE AND TIME OF LATEST TRANSACTION | |
| control field | 20251020182626.0 |
| 008 - FIXED-LENGTH DATA ELEMENTS--GENERAL INFORMATION | |
| fixed length control field | 230217b |||||||| |||| 00| 0 eng d |
| 020 ## - INTERNATIONAL STANDARD BOOK NUMBER | |
| International Standard Book Number | 978-3-8365-6019-1 |
| 040 ## - CATALOGING SOURCE | |
| Original cataloging agency | PE SENCICO BE |
| Transcribing agency | PE SENCICO BE |
| 041 ## - LANGUAGE CODE | |
| Language code of text/sound track or separate title | spa |
| 082 ## - DEWEY DECIMAL CLASSIFICATION NUMBER | |
| Classification number | 720.92 |
| Item number | K71 |
| 100 1# - MAIN ENTRY--PERSONAL NAME | |
| 9 (RLIN) | 642 |
| Personal name | Koening, Gloria |
| 245 1# - TITLE STATEMENT | |
| Title | Charles & Ray Eames, 1907-1978, 1912-1988 : |
| Remainder of title | pioneros de la modernidad a mediados del siglo XX / |
| Statement of responsibility, etc. | Gloria Koening |
| 250 ## - EDITION STATEMENT | |
| Edition statement | [1a ed.] |
| 260 ## - PUBLICATION, DISTRIBUTION, ETC. | |
| Place of publication, distribution, etc. | Koln : |
| Name of publisher, distributor, etc. | Taschen, |
| Date of publication, distribution, etc. | 2015 |
| 300 ## - PHYSICAL DESCRIPTION | |
| Extent | 96 p. : |
| Other physical details | il., diagrs. |
| Dimensions | 26 cm. |
| 600 10 - SUBJECT ADDED ENTRY--PERSONAL NAME | |
| 9 (RLIN) | 643 |
| Personal name | Eames, Charles |
| 600 10 - SUBJECT ADDED ENTRY--PERSONAL NAME | |
| 9 (RLIN) | 644 |
| Personal name | Eames, Ray |
| 650 14 - SUBJECT ADDED ENTRY--TOPICAL TERM | |
| 9 (RLIN) | 282 |
| Topical term or geographic name entry element | Arquitectos |
| 650 24 - SUBJECT ADDED ENTRY--TOPICAL TERM | |
| 9 (RLIN) | 191 |
| Topical term or geographic name entry element | Arquitectura moderna |
| 650 24 - SUBJECT ADDED ENTRY--TOPICAL TERM | |
| 9 (RLIN) | 275 |
| Topical term or geographic name entry element | Arte moderno |
| 910 ## - USER-OPTION DATA (OCLC) | |
| -- | hfp |
| -- | hfp |
| 942 ## - ADDED ENTRY ELEMENTS (KOHA) | |
| Source of classification or shelving scheme | Dewey Decimal Classification |
| Koha item type | Libros |
| Classification part | 720.92 |
| Item part | K71 |
| Fecha de la última vez que lo usaron | Número de ingreso o de inventario | Pago total | Signatura topográfica completa | Precio efectivo desde | Tipo de documento | Estado perdido | Sistema de clasificación | Estado dañado | No es para préstamo | Retirado | Ubicación permanente | Ubicación actual | Fecha de adquisición |
|---|---|---|---|---|---|---|---|---|---|---|---|---|---|
| 17/02/2023 | 16502 | 720.92/K71 | 17/02/2023 | Libros | Dewey Decimal Classification | Biblioteca Central Lima | Biblioteca Central Lima | 17/02/2023 |